00000000cam 2200000zi 4500
0019.945007
003CaOODSP
00520251218111646
006m     o  d f      
007cr mn|||||||||
008241108t20242024onc     ob   f000 0 fre d
020 |a9780660744148
040 |aCaOODSP|bfre|erda|cCaOODSP
043 |an-cn---
045 |ay1y2
0861 |aCS372-00001/2024-3F-PDF
24500|aIndicateurs de la persévérance et de la diplomation des étudiants postsecondaires, de 2011-2012 à 2022-2023.
264 1|a[Ottawa] : |bStatistique Canada = Statistics Canada, |c2024.
264 4|c©2024
300 |a1 ressource en ligne (15 pages).
336 |atexte|btxt|2rdacontent/fre
337 |ainformatique|bc|2rdamedia/fre
338 |aressource en ligne|bcr|2rdacarrier/fre
4900 |aGuides de référence technique de la Plateforme longitudinale entre l'éducation et le marché du travail (PLEMT)
500 |aTitre de la couverture.
500 |a« Date de diffusion : le 11 décembre 2024. »
500 |aPublié aussi en anglais sous le titre : Persistence and graduation indicators of postsecondary students, 2011/2012 to 2022/2023.
504 |aComprend des références bibliographiques.
520 |a« Chaque année, Statistique Canada publie des données sur les parcours des étudiants des collèges et des universités à travers le système d'éducation postsecondaire en utilisant les données de la Plateforme longitudinale entre l'éducation et le marché du travail (PLEMT) » -- Introduction, page 4.
650 6|aÉtudiants|zCanada|xStatistiques.
650 6|aEffectifs étudiants|zCanada|xStatistiques.
650 6|aDiplômés de l'enseignement postsecondaire|zCanada|xStatistiques.
650 6|aIndicateurs éducationnels|zCanada.
7102 |aStatistique Canada, |eorganisme de publication.
77508|tPersistence and graduation indicators of postsecondary students, 2011/2012 to 2022/2023.|w(CaOODSP)9.945006
85640|qPDF|s340 Ko|uhttps://publications.gc.ca/collections/collection_2024/statcan/37-20-0001/372000012024003-fra.pdf
8564 |qHTML|sS.O.|uhttps://www150.statcan.gc.ca/n1/pub/37-20-0001/372000012024003-fra.htm
986 |a37200001